000 00275nam a2200097Ia 4500
082 _aEKF DORM
245 0 _aOkomi and the tickling game
100 _a DORMAN, Helen Nevada City, Calif., 2003 1st ed
_994518
942 _cBK
008 210817s9999 xx 000 0 und d
999 _c387151
_d387152